| 000 | 00380 a2200133 4500 | ||
|---|---|---|---|
| 001 | 91597 | ||
| 082 | _aPR 1564 | ||
| 090 |
_c43750 _d43749 |
||
| 100 | _aAltin Braushi; Prof Jamil Ahmed and Taufique-Ur- Rehman, Advisors | ||
| 245 |
_aTo Develop a Real Time Database Application _n54 "B" EC |
||
| 260 |
_aRawalpindi _bNUST _c2001 |
||
| 300 | _a102p | ||
| 500 | _aBE Project Reports | ||
| 942 |
_aCAE NUST _kPR 1564 |
||
| 999 |
_c326670 _d326670 |
||